000
00316 a2200145 4500
001
152874
040
_c
Escola São Tomás de Aquino
100
_a
CARPANEDA, Isabella
240
1
0
_a
A chuvarada
_l
por
245
1
0
_a
A chuvarada
362
0
_a
2006
440
1
_a
FTD
697
_a
*LITERATURA INFANTIL
942
_c
BK
999
_c
152874
_d
152874